00850nam a2200217 i 4500001000700000003000900007005001700016008004100033020001800074080003500092080002100127100002100148245014300169246006600312260003600378300008100414534006600495600002100561700002800582852002200610187100ES-MaACL20230906222821.0170417r19861914gw acf |||| |dger d a3-925387-13-7 a821.112.2 Tucholsky, Kurt 1.07 a821.112.2-32"19"1 aTucholsky, Kurt.14aDer zeitsparer / cgrotesken von Ignaz Wrobel b. Der studentenulk : eine beigabe zu Ignaz Wrobel, Der zeitsparer / Annemarie Stoltenberg.10aStudentenulk b: eine beigabe zu Ignaz Wrobel, Der zeitsparer aHamburg : bGalgenberg, c1986. a23 p. ; c23 cm + e1 folleto (a16 p. : bil., retr.) + 1 h. de lám. col. pReprod. facs. de la ed. de: cBerlin : Reuss & Pollack, 1914.14aTucholsky, Kurt.1 aStoltenberg, Annemarie. aES-MaACLjL-31419